Method of measurement for lettable area (Record no. 104149)

MARC details
000 -LEADER
fixed length control field 00735cam a2200205 4500
001 - CONTROL NUMBER
control field ##L129336
008 - FIXED-LENGTH DATA ELEMENTS--GENERAL INFORMATION
fixed length control field 050413n1997 000 0 eng u
035 ## - SYSTEM CONTROL NUMBER
System control number (Sirsi) u129336
041 ## - LANGUAGE CODE
Language code of text/sound track or separate title eng
050 04 - LIBRARY OF CONGRESS CALL NUMBER
Classification number 692.30994 $2 18
110 2# - MAIN ENTRY--CORPORATE NAME
Corporate name or jurisdiction name as entry element Property Council of Australia
9 (RLIN) 3603
245 00 - TITLE STATEMENT
Title Method of measurement for lettable area
260 ## - PUBLICATION, DISTRIBUTION, ETC.
Place of publication, distribution, etc. Sydney
Name of publisher, distributor, etc. Property Council of Australia
Date of publication, distribution, etc. 1997
300 ## - PHYSICAL DESCRIPTION
Extent i, 25p.
Dimensions 30cm.
350 ## - PRICE (NR) (BK AM CF MU VM SE) [OBSOLETE]
Price 170
520 ## - SUMMARY, ETC.
Summary, etc. Gives a simple approach to floor space measurement that is both practical and cost effective. Measurement guidelines are given for office, retail, industrial and mixed-use premises.
651 #4 - SUBJECT ADDED ENTRY--GEOGRAPHIC NAME
Geographic name AUSTRALIA
690 ## - LOCAL SUBJECT ADDED ENTRY--TOPICAL TERM (OCLC, RLIN)
Topical term or geographic name as entry element PROPERTY-PROPERTY APPRAISAL AND VALUATION
942 ## - ADDED ENTRY ELEMENTS (KOHA)
Suppress in OPAC 0
Holdings
Withdrawn status Lost status Source of classification or shelving scheme Damaged status Not for loan Home library Current library Shelving location Date acquired Cost, normal purchase price Total Checkouts Full call number Barcode Date last seen Date last checked out Copy number Cost, replacement price Price effective from Koha item type
    Dewey Decimal Classification     London London Basement 16/12/2005 170.00 1 BASEMENT 30071673 06/08/2019 26/04/2006 1 170.00 06/08/2019 Book